|
|
|
|
| LEADER |
00000nam a2200000 a 4500 |
| 001 |
vtls001222018 |
| 003 |
SK-MaSNL |
| 005 |
20260301122605.0 |
| 008 |
251124s1995 HU 0 hun |
| 020 |
|
|
|a 963 7644 39 3
|c [85,00]
|
| 035 |
|
|
|a SNK000167399
|
| 040 |
|
|
|a SNK
|b slo
|c SNK
|e AACR2
|
| 044 |
|
|
|a HU
|
| 080 |
|
|
|a 159.9(439)(082)
|2 1981
|
| 245 |
1 |
|
|a Pszichológia Magyarországon
|h szerkesztette Kiss György
|
| 260 |
|
|
|a Budapest
|b Országos Pedagógiai Könyvtár és Múzeum
|c [1995]
|
| 300 |
|
|
|a 153 s.
|c 24 cm
|
| 650 |
0 |
7 |
|a psychológia maďarská
|x zborníky
|2 SNK
|9 468351
|
| 700 |
1 |
|
|a Kiss, György
|4 upr
|9 116062
|
| 919 |
|
|
|a 963 7644 39 3
|
| 999 |
|
|
|c 733375
|d 735305
|
| 952 |
|
|
|t P60, <04>, [BOOK], {604}
|a SNK
|b SNK
|y VYP
|7 0
|p 17A0013404
|o snkIC 126059
|i snkV 1784/96
|0 0
|1 0
|4 0
|d 1996-10-08
|l 0
|r 2005-01-01 00:00:00
|w 2026-02-23
|